000 00257nam a2200097 a 4500
005 20200930062801.0
008 110615s1915 000 spa d
245 3 _aLa sentencia que condene a un individuo por gravidez,...
260 _c1915.
999 _c30714
_d30714
040 _aDO-SdBNP